Statistics for ESPN's Top 74 NBA Players

Click here to take the quiz!

General Stats

  • This quiz has been taken 66 times
  • The average score is 56 of 74

Answer Stats

#TeamAnswer% Correct
9Los Angeles LakersKobe Bryant
100%
1Chicago BullsMichael Jordan
100%
10Los Angeles LakersShaquille O'Neal
100%
3Los Angeles LakersKareem Abdul-Jabbar
98%
2Cleveland CavaliersLeBron James
98%
5Los Angeles LakersMagic Johnson
98%
21Chicago BullsScottie Pippen
98%
6Philadelphia WarriorsWilt Chamberlain
98%
4Boston CelticsBill Russell
96%
16Los Angeles LakersJerry West
96%
14Oklahoma City ThunderKevin Durant
96%
7Boston CelticsLarry Bird
96%
13Golden State WarriorsStephen Curry
96%
8San Antonio SpursTim Duncan
96%
19Dallas MavericksDirk Nowitzki
94%
26Miami HeatDwyane Wade
94%
12Houston RocketsHakeem Olajuwon
94%
32Houston RocketsJames Harden
94%
17Utah JazzKarl Malone
94%
18Houston RocketsMoses Malone
92%
29Philadelphia 76ersAllen Iverson
90%
20Minnesota TimberwolvesKevin Garnett
90%
27Milwaukee BucksGiannis Antetokounmpo
88%
31Detroit PistonsIsiah Thomas
88%
15Philadelphia 76ersJulius Erving
88%
42Oklahoma City ThunderRussell Westbrook
88%
30Phoenix SunsSteve Nash
88%
23Phoenix SunsCharles Barkley
86%
28Utah JazzJohn Stockton
86%
11Cincinnati RoyalsOscar Robertson
86%
45New Orleans PelicansAnthony Davis
84%
37New York KnicksPatrick Ewing
84%
40Los Angeles ClippersChris Paul
82%
24San Antonio SpursDavid Robinson
82%
25San Antonio SpursKawhi Leonard
82%
70San Antonio SpursTony Parker
82%
72Portland Trail BlazersDamian Lillard
80%
22Los Angeles LakersElgin Baylor
80%
62Detroit PistonsDennis Rodman
76%
46Atlanta HawksDominique Wilkins
76%
39New York KnicksWalt Frazier
71%
60New York KnicksWillis Reed
71%
41Boston CelticsBob Cousy
69%
53Seattle SupersonicsGary Payton
69%
36Boston CelticsKevin McHale
69%
58San Antonio SpursManu Ginobili
69%
54Boston CelticsPaul Pierce
69%
56Milwaukee BucksRay Allen
69%
49Indiana PacersReggie Miller
69%
55Toronto RaptorsVince Carter
69%
48Portland Trail BlazersBill Walton
67%
38St. Louis HawksBob Pettit
67%
57Portland Trail BlazersClyde Drexler
67%
35Dallas MavericksJason Kidd
67%
47San Antonio SpursGeorge Gervin
65%
50Washington BulletsWes Unseld
63%
67Denver NuggetsAlex English
61%
34Minneapolis LakersGeorge Mikan
61%
44Washington BulletsElvin Hayes
59%
51Los Angeles LakersJames Worthy
59%
52Houston RocketsTracy McGrady
59%
63Miami HeatAlonzo Mourning
57%
59Buffalo BravesBob McAdoo
55%
68New Orleans JazzPete Maravich
55%
61Boston CelticsRobert Parish
55%
73Atlanta HawksDikembe Mutombo
51%
43Golden State WarriorsRick Barry
51%
66Boston CelticsDave Cowens
43%
74Chicago BullsArtis Gilmore
41%
69New York KnicksBernard King
39%
65Los Angeles LakersPau Gasol
39%
64New York KnicksEarl Monroe
37%
71Detroit PistonsBob Lanier
33%
33Boston CelticsJohn Havlick
12%

Score Distribution

Percentile by Number Answered

Percent of People with Each Score

Your Score History

You have not taken this quiz